000 00550nam a2200169Ia 4500
003 GCL
008 140319s9999 xx 000 0 ara d
040 _aGCL /
_cGCL
082 0 4 _a962.45
_bم ا
100 1 _aمحمد سعيد القدال
245 1 0 _aالانتماء والاغتراب : دراسة ومقالات فى تاريخ السودان الحديث /
_cمحمد سعيد القدال
260 _a[S.N] :
_bدار الجيل ،
_c1992
300 _a229 ص
490 _a
650 0 4 _aالسودان - تاريخ
942 _2ddc
_cBK
999 _c55098
_d55098